[Event "G7-1"]
[Site "Svendborg"]
[Date "2019.04.19"]
[Round "4"]
[White "Hvid, Jorn Christensen"]
[Black "Poulsen, Peter Risgaard"]
[Result "1-0"]
[WhiteElo "1983"]
[BlackElo "1899"]
[EventDate "2019.04.16"]
[EventRounds "7"]
[EventCountry "DEN"]
[WhiteFideId "1415964"]
[BlackFideId "1407333"]

1. d4 d6 2. Nc3 Nf6 3. Nf3 Nbd7 4. e4 e5 5. Bc4 Be7 6. h3 h6 7. Be3 c6 8. Qd2 Qc7 9. O-O Nf8 10. Bb3 Ng6 11. Rfe1 Bd7 12. a4 a5 13. Qd3 Nh5 14. Ne2 Rd8 15. Qd2 Qc8 16. Kh2 b6 17. Rad1 Bg5 18. Bxg5 hxg5 19. Qxg5 Bxh3 20. gxh3 Nhf4 21. Qf5 Rxh3+ 22. Kg1 Nxe2+ 23. Rxe2 Qxf5 24. exf5 Nf4 25. Re3 f6 26. dxe5 fxe5 27. Nxe5 Rxe3 28. fxe3 Nh3+ 29. Kg2  1-0

[Event "G7-1"]
[Site "Svendborg"]
[Date "2019.04.19"]
[Round "4"]
[White "Christensen, Jacob Foged"]
[Black "Steenstrup, Svend"]
[Result "0-1"]
[WhiteElo "1995"]
[BlackElo "1964"]
[EventDate "2019.04.16"]
[EventRounds "7"]
[EventCountry "DEN"]
[WhiteFideId "1439073"]
[BlackFideId "1409182"]

1. d4 Nf6 2. Nf3 d6 3. c4 g6 4. Nc3 Bg7 5. g3 O-O 6. Bg2 c5 7. d5 e6 8. O-O exd5 9. cxd5 Re8 10. Re1 a6 11. a4 Nbd7 12. e4 Rb8 13. Bf4 Nb6 14. Qb3 Nh5 15. Bg5 Qc7 16. h3 c4 17. Qc2 Nd7 18. Be3 b5 19. axb5 Nc5 20. Bxc5 Qxc5 21. bxa6 Qa7 22. Kh2 Rb6 23. Ra3 Bxa6 24. Na4 Rb4 25. Rb1 Reb8 26. Nc3 Qb6 27. Ra2 Bc8 28. Ra4 Bxc3 29. Qxc3 Rxa4 30. g4 Nf4 31. Qf6 Nxg2 32. Ng5 Qc7  0-1

[Event "G7-1"]
[Site "Svendborg"]
[Date "2019.04.19"]
[Round "4"]
[White "Mortensen, Henrik"]
[Black "Kokholm, Daniel"]
[Result "1/2-1/2"]
[WhiteElo "1923"]
[BlackElo "1900"]
[EventDate "2019.04.16"]
[EventRounds "7"]
[EventCountry "DEN"]
[WhiteFideId "1401424"]
[BlackFideId "1407155"]

1. e4 d6 2. d4 Nf6 3. Nc3 e5 4. dxe5 dxe5 5. Qxd8+ Kxd8 6. Bg5 Be6 7. O-O-O+ Nbd7 8. Nd5 Kc8 9. f3 c6 10. Nxf6 gxf6  1/2-1/2

[Event "G7-1"]
[Site "Svendborg"]
[Date "2019.04.20"]
[Round "5"]
[White "Rossen, Claus"]
[Black "Christensen, Janus"]
[Result "0-1"]
[WhiteElo "2159"]
[BlackElo "2109"]
[EventDate "2019.04.16"]
[EventRounds "7"]
[EventCountry "DEN"]
[WhiteFideId "1403222"]
[BlackFideId "1408402"]

1. d4 e6 2. Nf3 f5 3. c4 Nf6 4. Nc3 Bb4 5. a3 Bxc3+ 6. bxc3 O-O 7. g3 b6 8. Bg2 Bb7 9. O-O Qe8 10. a4 Nc6 11. Nd2 Qg6 12. Re1 f4 13. Nf3 fxg3 14. hxg3 Ng4 15. Qd2 Na5 16. Ne5 Nxe5 17. Bxb7 Nexc4 18. Qa2 Nxb7 19. Qxc4 Nd6 20. Qxc7 Ne4 21. Bf4 Rac8 22. Qxd7 Rxc3 23. e3 Rc2 24. Rac1 Rxf2 25. Rc8 R2xf4  0-1

[Event "G7-1"]
[Site "Svendborg"]
[Date "2019.04.20"]
[Round "5"]
[White "Fogh, Jens Olaf Svanholm"]
[Black "Jensen, Morten Frank"]
[Result "1-0"]
[WhiteElo "2099"]
[BlackElo "2024"]
[EventDate "2019.04.16"]
[EventRounds "7"]
[EventCountry "DEN"]
[WhiteFideId "1409476"]
[BlackFideId "1407325"]

1. d4 g6 2. Nf3 Bg7 3. c4 c5 4. d5 d6 5. Qc2 Nf6 6. Nc3 O-O 7. Bf4 a6 8. a4 b6 9. h3 e6 10. e4 exd5 11. cxd5 Re8 12. Be2 Nh5 13. Be3 Ra7 14. Nd2 Nf6 15. O-O Rae7 16. Rab1 a5 17. Bb5 Bd7 18. Qd3 Bxb5 19. Qxb5 Nxe4 20. Ndxe4 Rxe4 21. Nxe4 Rxe4 22. Bd2 Nd7 23. Bc3 Nf6 24. Rfe1 Qe8 25. Qxe8+ Rxe8 26. Bxf6 Rxe1+ 27. Rxe1 Bxf6 28. Re8+ Kg7 29. b3 Bd4 30. Kf1 Kf6 31. Ke2 h5 32. f4 c4 33. bxc4 Kf5 34. Kf3 Kf6 35. Re2 Kf5 36. g4+ hxg4+ 37. hxg4+ Kf6 38. Ke4 Bc5 39. Rh2 Kg7 40. g5 Bb4 41. f5 Ba3 42. f6+ Kg8 43. Kf4 Bc1+ 44. Kg4 Be3 45. Re2 Bd4 46. Re8+ Kh7 47. Rf8  1-0

[Event "G7-1"]
[Site "Svendborg"]
[Date "2019.04.20"]
[Round "5"]
[White "Sterup, Sebastian"]
[Black "Jepsen, Thomas Tange"]
[Result "1/2-1/2"]
[WhiteElo "2027"]
[BlackElo "2115"]
[EventDate "2019.04.16"]
[EventRounds "7"]
[EventCountry "DEN"]
[WhiteFideId "1463969"]
[BlackFideId "1405357"]

1. d4 d5 2. c4 c6 3. Nf3 Nf6 4. e3 Bf5 5. Qb3 Qc7 6. Nc3 e6 7. Nh4 Be4 8. cxd5 Bxd5 9. Nxd5 cxd5 10. Bd3 Be7 11. O-O O-O 12. Nf3 Nc6 13. Bd2 Ne4 14. Be1 Bd6 15. Rc1 Rfc8 16. g3 f5 17. Nd2 a6 18. f4 b5 19. Nb1 Qb7 20. Rc2 Ne7 21. Nc3 Nxc3 22. Bxc3 b4 23. a3 a5 24. a4 Qa7 25. Bd2 Rxc2 26. Qxc2 Rc8 27. Qb3 Rc7 28. Kf2 Nc8 29. Qd1 Nb6 30. b3 Nd7 31. g4 g6 32. gxf5 exf5 33. Rg1 Kh8 34. Bc1 Nf6 35. Bb2 Qb7 36. h3 Qc8 37. Qd2 Be7 38. Rc1 Nh5 39. Rxc7 Bh4+ 40. Kg2 Qxc7 41. Be2 Nf6 42. Qd3 Qc6 43. Bf3 Kg8 44. Kf1 Kf7 45. Ke2 Ne4 46. Kf1 Nf6 47. Ke2 Ke6 48. Kd2 Kd6 49. Qc2 Qxc2+ 50. Kxc2 Ke6 51. Kd1 h6 52. Bc1 g5 53. Bd2 Bg3 54. Ke2 g4 55. Bg2 h5 56. Kf1 gxh3 57. Bxh3 Ne4 58. Ke2 Bh4 59. Bg2 Nf6 60. Bh3 Ng4 61. Bg2 Be7 62. Bh3 Bh4 63. Bg2 Bg3 64. Bh3 h4 65. Bg2 Nf6 66. Bh3 Ne4 67. Bg2 Nf6 68. Bh3 Nd7 69. Bg2 Nb6 70. Bh3 Kf6 71. Bg2 Ke6  1/2-1/2

[Event "G7-1"]
[Site "Svendborg"]
[Date "2019.04.20"]
[Round "5"]
[White "Schoning, Lars"]
[Black "Mortensen, Henrik"]
[Result "1-0"]
[WhiteElo "1935"]
[BlackElo "1923"]
[EventDate "2019.04.16"]
[EventRounds "7"]
[EventCountry "DEN"]
[WhiteFideId "816124"]
[BlackFideId "1401424"]

1. d4 Nf6 2. c4 c5 3. d5 g6 4. Nc3 Bg7 5. e4 d6 6. Bd3 O-O 7. Nge2 e6 8. O-O exd5 9. cxd5 a6 10. a4 Re8 11. Ng3 Nbd7 12. Bf4 Qc7 13. Qd2 Rb8 14. a5 Ne5 15. f3 Nxd3 16. Qxd3 c4 17. Qd2 Nd7 18. Rfc1 b5 19. axb6 Qxb6+ 20. Kh1 Nc5 21. Na4 Qc7 22. Rxc4 Bd7 23. Rxc5 Qxc5 24. Nxc5 Rxb2 25. Qxb2 Bxb2 26. Rb1  1-0

[Event "G7-1"]
[Site "Svendborg"]
[Date "2019.04.20"]
[Round "5"]
[White "Steenstrup, Svend"]
[Black "Hemdorff, Dennis"]
[Result "1/2-1/2"]
[WhiteElo "1964"]
[BlackElo "2031"]
[EventDate "2019.04.16"]
[EventRounds "7"]
[EventCountry "DEN"]
[WhiteFideId "1409182"]
[BlackFideId "1409506"]

1. d4 Nf6 2. c4 e6 3. Nf3 b6 4. Nc3 Bb7 5. a3 Be7 6. g3 Ne4 7. Bg2 Nxc3 8. bxc3 O-O 9. Qd3 f5 10. h4 Be4 11. Qd2 Nc6 12. d5 Na5 13. Qa2 Qc8 14. O-O c5 15. Ng5 Bxg2 16. Kxg2 Bf6 17. Rb1 h6 18. Nf3 e5 19. Nd2 e4 20. Rd1 Nb7 21. Nf1 Nd6 22. Bf4 Nf7 23. Qd2 d6 24. f3 Qa6 25. Ne3 g5 26. hxg5 hxg5 27. Nxf5 gxf4 28. Qxf4 Qxc4 29. Qg4+ Ng5 30. f4 e3 31. Nxd6 Qa4 32. c4 Be7 33. Rh1 Qc2 34. Rh5 Qxb1 35. Rxg5+ Bxg5 36. Qxg5+ Kh8 37. Qe5+ Kh7 38. Ne4 Rae8 39. Qh5+ Kg7 40. Qg5+ Kh7 41. Qh5+ Kg7 42. Qg5+  1/2-1/2

[Event "G7-1"]
[Site "Svendborg"]
[Date "2019.04.20"]
[Round "5"]
[White "Nielsen, Thomas"]
[Black "Hvid, Jorn Christensen"]
[Result "1/2-1/2"]
[WhiteElo "1945"]
[BlackElo "1983"]
[EventDate "2019.04.16"]
[EventRounds "7"]
[EventCountry "DEN"]
[WhiteFideId "1407147"]
[BlackFideId "1415964"]

1. c4 f5 2. d4 Nf6 3. Nc3 d6 4. g3 g6 5. Bg2 Bg7 6. Nf3 O-O 7. h4 h6 8. Qc2 c6 9. b3 Na6 10. Bb2 Qe8 11. Rd1 Bd7 12. e3 Qf7 13. O-O Rfe8 14. Ne5 dxe5 15. dxe5 Rad8 16. exf6 Bxf6 17. Rd2 e5 18. a3 Be6 19. Rfd1 Rxd2 20. Rxd2 Qe7 21. Ne2 Qc5 22. Nc1 Qe7 23. Nd3 Bf7 24. Qd1 g5 25. hxg5 hxg5 26. Ne1 Be6 27. Nd3 e4 28. Bxf6 Qxf6 29. Nc1 Nc7 30. Ne2 c5 31. Qc2 Kf7 32. Qc3 Qxc3 33. Nxc3 Ke7 34. f3 exf3 35. Bxf3 b6 36. Bc6 Rd8 37. Rxd8 Kxd8 38. Kf2 Ke7 39. e4 Kd6 40. Bb7 Ke5 41. Ke3 f4+ 42. gxf4+ gxf4+ 43. Kf3 Bf7 44. Nd5 Bh5+ 45. Kf2 Nxd5 46. exd5 Bd1 47. b4 Kd6 48. Ba6 Bh5 49. Bb5 cxb4 50. axb4 Bg4 51. Bc6 Kc7 52. Ba4 Kd6 53. Bc6 Kc7 54. Ba4 Kd6  1/2-1/2

[Event "G7-1"]
[Site "Svendborg"]
[Date "2019.04.20"]
[Round "5"]
[White "Poulsen, Peter Risgaard"]
[Black "Ramkilde, Mikael"]
[Result "1/2-1/2"]
[WhiteElo "1899"]
[BlackElo "1949"]
[EventDate "2019.04.16"]
[EventRounds "7"]
[EventCountry "DEN"]
[WhiteFideId "1407333"]
[BlackFideId "1439391"]

1. d4 Nf6 2. Nc3 d5 3. Bf4 Bf5 4. f3 e6 5. g4 Bg6 6. h4 h5 7. g5 Nfd7 8. e3 Bb4 9. Bd3 Bxd3 10. cxd3 c5 11. a3 Ba5 12. dxc5 Bxc3+ 13. bxc3 e5 14. Bg3 Qa5 15. Ne2 Qxc5 16. Bf2 e4 17. dxe4 dxe4 18. Qd4 Qxd4 19. Nxd4 exf3 20. Nb5 Na6 21. Nd6+ Ke7 22. Bg3 Nac5 23. O-O g6 24. Rxf3 f5 25. gxf6+ Nxf6 26. Be5 Rhf8 27. Raf1 Ng4 28. Nc4 Rxf3 29. Bd6+ Ke6 30. Rxf3 Ne4 31. Bf4 Rc8 32. Na5 b6 33. Nb3 Rxc3 34. Nd4+ Kd5 35. Nb5 Rc1+ 36. Rf1 Rxf1+ 37. Kxf1 a5 38. Ke2 Kc4 39. Nd4 Nc3+ 40. Kf3 Nb5 41. Nxb5 Kxb5 42. Bd6 Ka4 43. Kf4 b5 44. e4 b4 45. axb4 axb4 46. Bxb4 Kxb4 47. Kg5 Ne5 48. Kf6 Nf3 49. Kxg6 Nxh4+ 50. Kxh5  1/2-1/2

[Event "G7-1"]
[Site "Svendborg"]
[Date "2019.04.20"]
[Round "5"]
[White "Kokholm, Daniel"]
[Black "Christensen, Jacob Foged"]
[Result "1/2-1/2"]
[WhiteElo "1900"]
[BlackElo "1995"]
[EventDate "2019.04.16"]
[EventRounds "7"]
[EventCountry "DEN"]
[WhiteFideId "1407155"]
[BlackFideId "1439073"]

1. e4 c5 2. Nc3 Nc6 3. Bb5 g6 4. Bxc6 bxc6 5. f4 d5 6. d3 Bg7 7. Nf3 Nf6 8. O-O O-O 9. Qe1 Ba6 10. e5 Nd7 11. e6 Nb6 12. exf7+ Rxf7 13. Ng5 Rf6 14. Ne6 Qd6 15. f5 Rxf5 16. Rxf5 gxf5 17. Bf4 Bd4+ 18. Kh1 Qd7 19. Qg3+ Kf7 20. Re1 h5 21. Ng5+ Kg6 22. Ne6+ Kf7 23. Ng5+ Kg6 24. Ne6+ Kf7 25. Qg5 Rh8 26. Qxf5+ Bf6 27. Ng5+ Kg7 28. Ne6+ Kf7 29. Ng5+ Kg7 30. Ne6+ Kf7 31. Ng5+  1/2-1/2

[Event "G7-1"]
[Site "Svendborg"]
[Date "2019.04.21"]
[Round "6"]
[White "Christensen, Janus"]
[Black "Hemdorff, Dennis"]
[Result "1-0"]
[WhiteElo "2109"]
[BlackElo "2031"]
[EventDate "2019.04.16"]
[EventRounds "7"]
[EventCountry "DEN"]
[WhiteFideId "1408402"]
[BlackFideId "1409506"]

1. e4 e5 2. Nf3 Nc6 3. c3 d5 4. Qa4 dxe4 5. Nxe5 Qd5 6. Bb5 Nge7 7. f4 exf3 8. Nxf3 Bf5 9. O-O Qe4 10. d4 h6 11. Re1 Qd5 12. c4 Qd6 13. d5 a6 14. dxc6 O-O-O 15. Bxa6 Nxc6 16. Bb5 Nb4 17. Qa8#  1-0

[Event "G7-1"]
[Site "Svendborg"]
[Date "2019.04.21"]
[Round "6"]
[White "Jepsen, Thomas Tange"]
[Black "Christensen, Jacob Foged"]
[Result "1-0"]
[WhiteElo "2115"]
[BlackElo "1995"]
[EventDate "2019.04.16"]
[EventRounds "7"]
[EventCountry "DEN"]
[WhiteFideId "1405357"]
[BlackFideId "1439073"]

1. d4 d5 2. c4 c6 3. Nc3 Nf6 4. Nf3 e6 5. e3 Be7 6. b3 Nbd7 7. Bd3 O-O 8. O-O b6 9. Qe2 Bb7 10. Rd1 Bb4 11. Bb2 Bxc3 12. Bxc3 Qe7 13. Rac1 Rfc8 14. Bb1 h6 15. Ne5 Nxe5 16. dxe5 Nd7 17. e4 Qg5 18. Rf1 dxc4 19. f4 Qe7 20. bxc4 Qc5+ 21. Kh1 Ba6 22. Qd2 Qe7 23. Bb2 c5 24. f5 exf5 25. exf5 Nxe5 26. f6 Qc7 27. fxg7 Ng4 28. Rf4 Rd8 29. Qc2 f5 30. Qxf5  1-0

[Event "G7-1"]
[Site "Svendborg"]
[Date "2019.04.21"]
[Round "6"]
[White "Jensen, Morten Frank"]
[Black "Rossen, Claus"]
[Result "1/2-1/2"]
[WhiteElo "2024"]
[BlackElo "2159"]
[EventDate "2019.04.16"]
[EventRounds "7"]
[EventCountry "DEN"]
[WhiteFideId "1407325"]
[BlackFideId "1403222"]

1. d4 Nf6 2. Nc3 g6 3. Bf4 Bg7 4. e4 d6 5. Qd2 c6 6. Nf3 Qa5 7. h3 Nbd7 8. e5 dxe5 9. dxe5 Nd5 10. Nxd5 Qxd2+ 11. Kxd2 cxd5 12. c4 dxc4 13. Bxc4 O-O 14. Rhd1 Nc5 15. b4 Be6 16. Rac1 Rad8+ 17. Ke2 Rxd1 18. Kxd1 Bxc4 19. bxc5 Bxa2 20. c6 bxc6 21. Rxc6 a5 22. Ra6 a4 23. Ke1 Bb3 24. Nd4 f6 25. Nxb3 axb3 26. Rb6 fxe5 27. Be3 e4 28. Rxb3 Ra8 29. Bf4 Ra1+ 30. Ke2 Bd4 31. Be3 Ra2+ 32. Ke1 e5 33. Bxd4 exd4 34. Rb4 Ra1+ 35. Kd2 Ra2+ 36. Ke1 e3 37. fxe3 Rxg2 38. Rxd4 Rg3 39. h4 Rxe3+ 40. Kf2 Re5 41. Rd7 Rf5+ 42. Kg3 Rf7 43. Rd6 Rf5 44. Rd7 h5 45. Ra7 Rf7 46. Rxf7 Kxf7 47. Kf3 Kf6  1/2-1/2

[Event "G7-1"]
[Site "Svendborg"]
[Date "2019.04.21"]
[Round "6"]
[White "Steenstrup, Svend"]
[Black "Fogh, Jens Olaf Svanholm"]
[Result "1/2-1/2"]
[WhiteElo "1964"]
[BlackElo "2099"]
[EventDate "2019.04.16"]
[EventRounds "7"]
[EventCountry "DEN"]
[WhiteFideId "1409182"]
[BlackFideId "1409476"]

1. e4 g6 2. d4 Bg7 3. c4 d6 4. Nc3 Nd7 5. Nf3 e5 6. Bg5 Ngf6 7. dxe5 dxe5 8. Qa4 c6 9. Rd1 Qe7 10. Be2 O-O 11. b4 h6 12. Be3 a5 13. a3 Ng4 14. Bd2 f5 15. c5 axb4 16. Qb3+ Kh7 17. axb4 b6 18. h3 Ngf6 19. exf5 gxf5 20. cxb6 Nxb6 21. Be3 Be6 22. Qb1 Nbd7 23. g4 Nd5 24. gxf5 Bxf5 25. Bd3 Nxc3 26. Bxf5+ Kh8 27. Rxd7 Qxd7 28. Bxd7 Nxb1 29. Bxc6 Rac8 30. Bd7 Rc4 31. Bg4 Rb8 32. O-O Rcxb4 33. Nh4 Kh7 34. Bf5+ Kg8 35. Be6+ Kh7 36. Bf5+ Kg8 37. Be6+ Kh7 38. Bf5+  1/2-1/2

[Event "G7-1"]
[Site "Svendborg"]
[Date "2019.04.21"]
[Round "6"]
[White "Mortensen, Henrik"]
[Black "Ramkilde, Mikael"]
[Result "1/2-1/2"]
[WhiteElo "1923"]
[BlackElo "1949"]
[EventDate "2019.04.16"]
[EventRounds "7"]
[EventCountry "DEN"]
[WhiteFideId "1401424"]
[BlackFideId "1439391"]

1. Nf3 Nf6 2. b3 g6 3. Bb2 Bg7 4. c4 c6 5. d4 d5 6. e3 O-O 7. Bd3 Bg4 8. Nbd2 Nbd7 9. Qc2 Rc8 10. h3 Bxf3 11. Nxf3 c5 12. O-O dxc4 13. bxc4 cxd4 14. exd4 Nb6 15. Qb3 e6 16. a4 Qc7 17. Rfc1 Nh5 18. Rab1 Nf4 19. Bf1 Rfd8 20. Ba3 Rb8 21. Bc5 Nc8 22. g3 Nh5 23. Bg2 e5 24. Rd1 b6 25. Ba3 exd4 26. Bb2 Ne7 27. Nxd4 Rbc8 28. Bd5 Qd7 29. Bg2 Qc7 30. Bd5 Qd7 31. Bg2 Qc7 32. Rbc1 a6 33. Bd5 Nf6 34. Ne2 Nc6 35. Bxf6 Bxf6 36. Qf3 Bg7 37. Qb3 Ne5 38. Nd4 Qc5 39. Ne6 fxe6 40. Bxe6+ Kh8 41. Bxc8 Rxc8 42. Rd5 Qxd5 43. cxd5 Rxc1+ 44. Kg2 Nd7 45. Qe3 Rd1 46. Qe6 Nf8 47. Qxb6 Rxd5 48. Qxa6 Rd2 49. Qc8 Kg8 50. Qc4+ Kh8 51. Qf7 Rd7 52. Qe8 Kg8 53. a5 Bd4 54. a6 Kg7 55. f4 Rf7 56. Qe4 Rd7 57. g4 Kf7 58. Qc6 Ke7 59. Qe4+ Kd8 60. Qa8+ Ke7 61. Qe4+ Kd8 62. Qa8+ Ke7 63. Qe4+ Kd8 64. Qa8+  1/2-1/2

[Event "G7-1"]
[Site "Svendborg"]
[Date "2019.04.21"]
[Round "6"]
[White "Nielsen, Thomas"]
[Black "Sterup, Sebastian"]
[Result "0-1"]
[WhiteElo "1945"]
[BlackElo "2027"]
[EventDate "2019.04.16"]
[EventRounds "7"]
[EventCountry "DEN"]
[WhiteFideId "1407147"]
[BlackFideId "1463969"]

1. d4 Nf6 2. c4 g6 3. Nc3 Bg7 4. e4 d6 5. Be2 O-O 6. Be3 e5 7. d5 a5 8. Qd2 Na6 9. f3 Nc5 10. g4 h5 11. O-O-O hxg4 12. Bh6 gxf3 13. Bxf3 Nd3+ 14. Kb1 Bxh6 15. Qxh6 Nf2 16. Nge2 Bg4 17. Bxg4 N6xg4 18. Qd2 Nxd1 19. Nxd1 Qh4 20. Ng3 Kh7 21. Qg2 Nf6 22. Nf2 Nh5 23. Nxh5 Qxh5 24. h4 f5 25. Nh3 fxe4 26. Ng5+ Kh8 27. Rg1 e3 28. Ne6 Rf2 29. Qe4 Qe2 30. Qxg6 Qxb2#  0-1

[Event "G7-1"]
[Site "Svendborg"]
[Date "2019.04.21"]
[Round "6"]
[White "Poulsen, Peter Risgaard"]
[Black "Kokholm, Daniel"]
[Result "0-1"]
[WhiteElo "1899"]
[BlackElo "1900"]
[EventDate "2019.04.16"]
[EventRounds "7"]
[EventCountry "DEN"]
[WhiteFideId "1407333"]
[BlackFideId "1407155"]

1. d4 d6 2. Bf4 Nd7 3. Nf3 a6 4. e3 b6 5. Bd3 Bb7 6. c4 e6 7. Nc3 h6 8. Be4 Bxe4 9. Nxe4 f5 10. Nc3 g5 11. Ne5 Nxe5 12. Bxe5 dxe5 13. Qh5+ Ke7 14. dxe5 Qe8 15. Qf3 Bg7 16. Qb7 Bxe5 17. O-O-O Rb8 18. Qxa6 Qc6 19. Qb5 Qxb5 20. Nxb5 Ra8 21. Kb1 Nf6 22. Nd4 Bxd4 23. exd4 c6 24. Rhe1 Rhd8 25. Re3 Kf7 26. Rb3 c5 27. d5 exd5 28. Rxb6 d4 29. Rd3 Rac8 30. Ra3 d3 31. Ra7+ Kg6 32. Raa6 Rf8 33. Kc1 Rcd8 34. Kd2 Kg7 35. f3 g4 36. Rc6 h5 37. Rxc5 Rfe8 38. Rc7+ Kg6 39. Rcc6 Re2+ 40. Kd1 Rxg2 41. Rxf6+ Kg5 42. f4+ Kxf4 43. Ra5 Re8 44. Raxf5+ Ke3 45. Rf1 Rd2+ 46. Kc1 Rxh2 47. c5 Re4 48. c6 Ke2 49. b3 Re5 50. b4 Re4 51. a3 g3 52. b5 Rf2 53. Kb2 Rxf1 54. c7 Re8 55. Re6+ Rxe6 56. c8=Q Re3 57. Qh3 d2 58. Qxh5+ Rff3  0-1

[Event "G7-1"]
[Site "Svendborg"]
[Date "2019.04.22"]
[Round "7"]
[White "Rossen, Claus"]
[Black "Steenstrup, Svend"]
[Result "1-0"]
[WhiteElo "2159"]
[BlackElo "1964"]
[EventDate "2019.04.16"]
[EventRounds "7"]
[EventCountry "DEN"]
[WhiteFideId "1403222"]
[BlackFideId "1409182"]

1. e4 c5 2. Nf3 d6 3. d4 cxd4 4. Nxd4 Nf6 5. Nc3 a6 6. h3 e5 7. Nde2 b5 8. g4 Bb7 9. Bg2 Be7 10. Ng3 b4 11. Nd5 Nxd5 12. exd5 g6 13. Bh6 Nd7 14. O-O Rc8 15. f4 Rc5 16. fxe5 dxe5 17. Be3 Rb5 18. d6 Bg5 19. Bxg5 Qxg5 20. Bxb7 Qe3+ 21. Kg2 Rxb7 22. Qd5 Rb6 23. Rae1 Qc5 24. Rxe5+ Kd8 25. Qxc5  1-0

[Event "G7-1"]
[Site "Svendborg"]
[Date "2019.04.22"]
[Round "7"]
[White "Fogh, Jens Olaf Svanholm"]
[Black "Sterup, Sebastian"]
[Result "0-1"]
[WhiteElo "2099"]
[BlackElo "2027"]
[EventDate "2019.04.16"]
[EventRounds "7"]
[EventCountry "DEN"]
[WhiteFideId "1409476"]
[BlackFideId "1463969"]

1. d4 Nf6 2. Nf3 g6 3. c4 Bg7 4. e3 O-O 5. Be2 d6 6. Nc3 Nbd7 7. Qc2 c6 8. O-O Qc7 9. b4 e5 10. Bb2 Re8 11. Rac1 Nf8 12. dxe5 dxe5 13. e4 Bg4 14. Nd2 Ne6 15. Bxg4 Nxg4 16. c5 Rad8 17. Ne2 Nd4 18. Qc4 Bh6 19. Bc3 Nb5 20. Rcd1 a5 21. bxa5 Nxc3 22. Qxc3 Bxd2 23. Rxd2 Ra8 24. Qf3 h5 25. h3 Nh6 26. g4 hxg4 27. hxg4 Qe7 28. Rb2 Rxa5 29. Qg3 Qg5 30. f3 Rxc5 31. Qf2 Ra5 32. Qb6 Ra3 33. Rf2 Rd3 34. Qxb7 Rd1+ 35. Kg2 Nxg4 36. fxg4 Qxg4+ 37. Ng3 Rd7 38. Qxc6 Red8 39. Rb7 Rd3 40. Qf6 Rxg3+ 41. Kh1 Rd1+ 42. Rf1 Rh3#  0-1

[Event "G7-1"]
[Site "Svendborg"]
[Date "2019.04.22"]
[Round "7"]
[White "Hemdorff, Dennis"]
[Black "Kokholm, Daniel"]
[Result "1/2-1/2"]
[WhiteElo "2031"]
[BlackElo "1900"]
[EventDate "2019.04.16"]
[EventRounds "7"]
[EventCountry "DEN"]
[WhiteFideId "1409506"]
[BlackFideId "1407155"]

1. d4 d6 2. c4 e5 3. Nf3 Nd7 4. Nc3 Ngf6 5. g3 Be7 6. Bg2 c6 7. O-O O-O 8. Qc2 Qc7 9. Rd1 Re8 10. b3 Bf8 11. d5 c5 12. Nh4 g6 13. e4 Bg7 14. Bd2 a6 15. a4 h6 16. Re1 Qd8 17. Bh3  1/2-1/2

[Event "G7-1"]
[Site "Svendborg"]
[Date "2019.04.22"]
[Round "7"]
[White "Ramkilde, Mikael"]
[Black "Hvid, Jorn Christensen"]
[Result "1-0"]
[WhiteElo "1949"]
[BlackElo "1983"]
[EventDate "2019.04.16"]
[EventRounds "7"]
[EventCountry "DEN"]
[WhiteFideId "1439391"]
[BlackFideId "1415964"]

1. e4 c5 2. Nf3 e6 3. d4 cxd4 4. Nxd4 Qb6 5. Nb3 Nf6 6. Bd3 Nc6 7. Be3 Qc7 8. O-O Be7 9. Nc3 O-O 10. f4 d6 11. Qf3 Bd7 12. g4 Nb4 13. g5 Ne8 14. f5 Nxd3 15. cxd3 f6 16. g6 hxg6 17. fxg6 f5 18. Qh3 Nf6 19. Rf4 Be8 20. exf5 Bd8 21. Rh4 Qc5 22. Rh8#  1-0

[Event "G7-1"]
[Site "Svendborg"]
[Date "2019.04.22"]
[Round "7"]
[White "Jensen, Morten Frank"]
[Black "Christensen, Janus"]
[Result "0-1"]
[WhiteElo "2024"]
[BlackElo "2109"]
[EventDate "2019.04.16"]
[EventRounds "7"]
[EventCountry "DEN"]
[WhiteFideId "1407325"]
[BlackFideId "1408402"]

1. d4 Nf6 2. Nc3 e6 3. Bf4 Bb4 4. a3 Bxc3+ 5. bxc3 b6 6. c4 Bb7 7. e3 d6 8. h3 Nbd7 9. c3 Ne4 10. Qc2 O-O 11. Nf3 f5 12. Bd3 Qe7 13. Bh2 Ng5 14. Qe2 e5 15. Nxg5 Qxg5 16. O-O-O Qxg2 17. Rdg1 Qf3 18. d5 Qxe2 19. Bxe2 b5 20. Rg5 bxc4 21. Rhg1 g6 22. Bxc4 Nb6 23. Bb3 Bxd5 24. Bxd5+ Nxd5 25. c4 Nc3 26. Kc2 Ne4 27. R5g2 Rab8 28. f3 Nc5 29. h4 Rb3 30. h5 Rfb8 31. hxg6 Rb2+ 32. Kc1 Rb1+ 33. Kc2 R8b2+ 34. Kc3 Na4+ 35. Kd3 Rb3+ 36. Kc2 R1b2+ 37. Kc1 Rc3+ 38. Kd1 Rxg2 39. gxh7+ Kxh7 40. Rxg2 Rxe3 41. Bg1 Rxa3 42. Rg5 Rxf3 43. Bxa7 Nc3+ 44. Kc2 Ne4 45. Rh5+ Kg6 46. Rh8 Rc3+  0-1

[Event "G7-1"]
[Site "Svendborg"]
[Date "2019.04.22"]
[Round "7"]
[White "Christensen, Jacob Foged"]
[Black "Poulsen, Peter Risgaard"]
[Result "0-1"]
[WhiteElo "1995"]
[BlackElo "1899"]
[EventDate "2019.04.16"]
[EventRounds "7"]
[EventCountry "DEN"]
[WhiteFideId "1439073"]
[BlackFideId "1407333"]

1. d4 d6 2. Nf3 f5 3. c4 g6 4. Nc3 Nf6 5. g3 Bg7 6. Bg2 O-O 7. O-O e6 8. Qc2 Nc6 9. a3 Qe7 10. e3 Nd8 11. b4 Nf7 12. Bb2 g5 13. Rad1 f4 14. exf4 gxf4 15. Rfe1 fxg3 16. hxg3 Ng4 17. Nd5 Qd8 18. Nf4 Ng5 19. Nxg5 Qxg5 20. Rd2 e5 21. dxe5 Bf5 22. Qd1 dxe5 23. Bd5+ Kh8 24. Ne6 Qh6 25. Nxg7 Qh2+ 26. Kf1 Bd3+ 27. Rde2 Qxf2#  0-1

[Event "G7-1"]
[Site "Svendborg"]
[Date "2019.04.22"]
[Round "7"]
[White "Schoning, Lars"]
[Black "Jepsen, Thomas Tange"]
[Result "0-1"]
[WhiteElo "1935"]
[BlackElo "2115"]
[EventDate "2019.04.16"]
[EventRounds "7"]
[EventCountry "DEN"]
[WhiteFideId "816124"]
[BlackFideId "1405357"]

1. d4 Nf6 2. c4 e6 3. Nc3 Bb4 4. f3 O-O 5. e4 d5 6. e5 Nfd7 7. a3 Bxc3+ 8. bxc3 dxc4 9. Bxc4 Nxe5 10. Bb3 Ng6 11. Ne2 Nd7 12. O-O c5 13. Ng3 cxd4 14. cxd4 Nb6 15. f4 Ne7 16. Bc2 Nf5 17. Nxf5 exf5 18. Bb2 Be6 19. Rf3 Nd5 20. Qd2 b5 21. Re1 Qd6 22. Ref1 a5 23. Rg3 Rfc8 24. Bb1 g6 25. Rh3 b4 26. Qf2 Qd8 27. Rh6 Kg7 28. Rh3 Rc6 29. Qe1 Rac8 30. axb4 axb4 31. Rb3 Kg8 32. Rh3 Nc3 33. d5 Qxd5 34. Qh4 h5 35. Qf6 Qd8 36. Qe5 Rc5 37. Qe1 Qf6 38. Rg3 Bd5 39. Bd3 Be4 40. Bxe4 fxe4 41. Re3 Qd4 42. Kh1 f5  0-1

[Event "G7-1"]
[Site "Svendborg"]
[Date "2019.04.22"]
[Round "7"]
[White "Mortensen, Henrik"]
[Black "Nielsen, Thomas"]
[Result "1/2-1/2"]
[WhiteElo "1923"]
[BlackElo "1945"]
[EventDate "2019.04.16"]
[EventRounds "7"]
[EventCountry "DEN"]
[WhiteFideId "1401424"]
[BlackFideId "1407147"]

1. Nf3 c5 2. c4 Nf6 3. Nc3 Nc6 4. d4 e6 5. d5 exd5 6. cxd5 Nb8 7. e4 d6 8. h3 Be7 9. Be2 O-O 10. O-O Re8 11. Bf4 Nbd7 12. Bh2 Bf8 13. Nd2 a6 14. a4 b6 15. Qc2 Bb7 16. Rfe1 Ne5 17. f4 Ng6 18. Rad1 Rb8 19. Bf1 Nh5 20. g3 Nf6 21. Nc4 b5 22. axb5 axb5 23. Nxb5 Ba6 24. Nc3 Rb4 25. b3 Qb8 26. Rb1 Re7 27. Rb2 Reb7 28. Na5 Bxf1 29. Rxf1 Rd7 30. Nc6 Qe8 31. Nxb4 cxb4 32. Nb1 Nxe4 33. Nd2 Nc3 34. Nc4 Re7 35. Qf2 Qb5 36. Qf3 Nxd5 37. Kg2 Nc3 38. Bg1 Re8 39. h4 d5 40. h5 dxc4 41. bxc4 Nh4+ 42. gxh4 Qxc4 43. Bf2 f5 44. Be1 Nd5 45. Bd2 Bc5 46. Bc1 Bd4 47. Qb3 Re2+ 48. Kh1 Qxb3 49. Rxb3 Bc3 50. Rd1 Nf6 51. Ba3 Ne4 52. Rd8+ Kf7 53. Bxb4 Ng3+ 54. Kg1 Re1+ 55. Kg2 Bxb4 56. Rxb4 Nxh5 57. Rb7+ Re7 58. Rxe7+ Kxe7 59. Rd4 Kf7 60. Kf3 Nf6 61. Ra4 Kg6 62. Ra5 Nh5 63. Ke3 Nf6 64. Rb5 Ng4+ 65. Kd4 Nf6 66. Ke5 Nh5 67. Rb6+ Nf6 68. Ra6 Kh5 69. Kxf5 Kxh4 70. Rxf6 gxf6 71. Kxf6 Kg4 72. f5 h5 73. Kg6 h4 74. f6 h3 75. f7 h2 76. f8=Q h1=Q 77. Qf5+ Kg3 78. Qg5+ Kf2 79. Qd2+ Kg3 80. Qd6+ Kf2 81. Qd2+  1/2-1/2